| 000 | 00538nam a22001817a 4500 | ||
|---|---|---|---|
| 005 | 20231212142823.0 | ||
| 008 | 231212b |||||||| |||| 00| 0 eng d | ||
| 020 | _a9781485120889 | ||
| 041 | _aEnglish | ||
| 082 | _a346.1 CHI | ||
| 100 | _lEnglish | ||
| 245 |
_aChild Law in South Africa / _cedited by T Boezaart |
||
| 250 | _aSecond Edition | ||
| 260 |
_aCape Town : _bJuta and Company Ltd, _c2017 |
||
| 300 |
_blxix, 789 pages ; _c25 cm. |
||
| 650 |
_aLegal practice _bLaw |
||
| 942 |
_cBK _6ALISON_BN_VRIES |
||
| 999 |
_c1184 _d1184 |
||